000 06294cam a22019814i 4500
001 u38572
003 PE-LiUPU
005 20250813165703.0
008 150625s2000 sp a rb 001 0 spa d
020 _a8420009857
020 _a9788420009858
035 _a(Sirsi) i9788420009858
040 _aPE-LiUPU
_bspa
_cPE-LiUPU
_erda
049 _aPRUA
082 0 4 _a628.321
_bA78
_221
100 1 _aArundel, John,
_eautor.
245 1 0 _aTratamientos de aguas negras y efluentes industriales /
_cJohn Arundel.
264 1 _aZaragoza :
_bAcribia,
_c2000.
300 _a337 páginas :
_bilustraciones ;
_c24 centímetros
336 _atext
_2rdacontent
337 _aunmediated
_2rdamedia
338 _avolume
_2rdacarrier
504 _aBibliografía al final de cada capítulo.
504 _aÍndice : páginas 331-337.
505 0 _aTratamiento preliminar -- Separación de sólidos suspendidos por sedimentación y flotación -- Métodos para separar metales -- Métodos de tratamiento biológicos -- Aprovechamiento y tratamiento de lodos -- Pozos negros, fosas sépticas y pequeñas instalaciones de depuración de aguas negras -- Nuevos enfoque en los tratamientos de aguas residuales -- Muestreo y análisis -- Ejemplos prácticos.
526 _aP203
526 _aP200
526 _aSEG65
526 _aSEG64
526 _aSEG63
526 _aSEG62
526 _aSEG61
526 _aSEG60
526 _aSEG59
526 _aSEG58
526 _aSEG57
526 _aSEG56
526 _aSEG55
526 _aSEG54
526 _aSEG53
526 _aSEG52
526 _aSEG51
526 _aSEG50
526 _aSEG49
526 _aSEG48
526 _aSEG47
526 _aSEG46
526 _aSEG24
526 _aSEG23
526 _aSEG22
526 _aSEG21
526 _aSEG20
526 _aSEG19
526 _aSEG18
526 _aSEG17
526 _aSEG16
526 _aSEG14
526 _aSEG13
526 _aSEG12
526 _aSEG11
526 _aSEG10
526 _aSEG09
526 _aSEG06
526 _aSEG05
526 _aSEG04
526 _aSEG03
526 _aSEG02
526 _aSEG68
526 _aSEG66
526 _aSEG45
526 _aSEG25
526 _aSEG01
526 _aP163
526 _aP162
526 _aP161
526 _aP160
526 _aP159
526 _aP158
526 _aP157
526 _aP156
526 _aP155
526 _aP154
526 _aP153
526 _aP152
526 _aP151
526 _aP150
526 _aP149
526 _aP142
526 _aP141
526 _aP140
526 _aP139
526 _aP138
526 _aP137
526 _aP132
526 _aP131
526 _aP130
526 _aP126
526 _aP125
526 _aP124
526 _aP123
526 _aP115
526 _aP122
526 _aP121
526 _aP116
526 _a P114
526 _aP112
526 _aP111
526 _aP104
526 _aP103
526 _aP102
526 _aP101
526 _aP100
526 _aP96
526 _aP95
526 _aP93
526 _aP92
526 _aP91
526 _aP88
526 _aP83
526 _aP82
526 _aP79
526 _aP78
526 _aP75
526 _aP74
526 _aP71
526 _aP69
526 _a P51
526 _aP49
526 _aP48
526 _aP47
526 _aP33
526 _aP31
526 _a P30
526 _aP29
526 _aP27
526 _aP26
526 _aP25
526 _aP24
526 _a P22
526 _aP10
526 _aP09
526 _a P08
526 _aP06
526 _aP05
526 _aP04
526 _aP01
541 _g001-027589;
541 _g001-0042330;
541 _g015-0016196;
596 _a1 2 3
650 0 4 _aAguas residuales
_xpurificación.
910 _adbm
_bncf
_cncf
_d20180111
910 _cigq
942 _2ddc
_cBOOK
994 _aC0
_bPEPRU
949 _a628 A78 2002
_wDEWEY
_c1
_iFT02686
_d2018-4-30
_e2018-4-27
_lCCODEBUT1
_mBUT
_n1
_p56.00
_r0
_sY
_tBOOK
_u2016-2-23
_xINGENIERIA
_PP24
_0COMPRA
_o.CIRCNOTE. Este documento es muy costoso
_o.STAFF. Colección General
949 _a628.321 A78 2000
_wDEWEY
_c1
_iFJ06808
_d2017-10-16
_e2017-10-13
_f2017-12-28
_g1
_lCCODEBUJ1
_mBUJ
_n6
_p58.53
_q4
_r0
_sY
_tBOOK
_u2017-2-14
_xINGENIERIA
_PP24
_0COMPRA
_o.STAFF. Colección General Juliaca
949 _a628.321 A78
_wDEWEY
_c1
_i57883
_d2016-4-15
_e2016-4-15
_f2018-2-12
_g4
_lCCODEBUL1
_mBUL
_n1
_r0
_sY
_tBOOK
_u2015-6-25
_xINGENIERIA
_PP24
_0COMPRA
_o.STAFF. Colección General
949 _a628.321 A78
_wDEWEY
_c2
_i69266
_f2018-2-9
_g4
_lFIA2
_mBUL
_p66.00
_r0
_sY
_tBOOK
_u2015-6-25
_xINGENIERIA
_PP24
_0COMPRA
_o.STAFF. Colección General
949 _a628.321 A78
_wDEWEY
_c3
_i77972
_d2018-4-24
_f2018-2-12
_g1
_lCCODEBUL1
_mBUL
_p59.61
_q3
_r0
_sY
_tBOOK
_u2018-1-11
_xINGENIERIA
_PP24
_0COMPRA
_o.STAFF. Colección Ingeniería y Arquitectura
999 _a628.321 A78
_wDEWEY
_c46871
_i57883
_d46871
_e2016-4-15
_f2021-11-9
_g7
_lCCODEBUL1
_mBUL
_n1
_r0
_sY
_tBOOK
_u2015-6-25
_xINGENIERIA
_PP24
_0COMPRA
_o.STAFF. Colección General
999 _a628.321 A78
_wDEWEY
_c2
_i69266
_f2019-12-11
_g6
_lDISCARD
_mBUL
_p66.00
_r1
_sY
_tBOOK
_u2015-6-25
_xINGENIERIA
_PP24
_0COMPRA
_o.STAFF. Colección General
999 _a628.321 A78
_wDEWEY
_c3
_i77972
_d2018-4-24
_f2021-11-9
_g4
_lCCODEBUL1
_mBUL
_p59.61
_q3
_r0
_sY
_tBOOK
_u2018-1-11
_xINGENIERIA
_PP24
_0COMPRA
_o.STAFF. Colección Ingeniería y Arquitectura
999 _a628 A78 2002
_wDEWEY
_c1
_iFT02686
_d2019-4-11
_e2019-4-10
_f2019-2-20
_g1
_lCCODEBUT1
_mBUT
_n2
_p56.00
_r0
_sY
_tBOOK
_u2016-2-23
_xINGENIERIA
_PP24
_0COMPRA
_o.CIRCNOTE. Este documento es muy costoso
_o.STAFF. Colección General
999 _a628.321 A78 2000
_wDEWEY
_c1
_iFJ06808
_d2019-10-2
_e2019-4-3
_f2022-1-26
_g4
_lCCODEBUJ1
_mBUJ
_n7
_p58.53
_q14
_r0
_sY
_tBOOK
_u2017-2-14
_xINGENIERIA
_PP24
_0COMPRA
_o.STAFF. Colección General Juliaca
980 _81
_gALBERTO SANCHEZ Responsable de Automatización